000 00527cam a2200205ua 4500
020 _c60.00
041 _aeng
_h
082 _a546.73
_bSNE/CO
100 _aSneed, Cannon M .
245 _aComprehensive inorganic chemistry, Vol 3 /
_cCannon M Sneed.
_hTextual Documents
250 _a1 /
_b.
260 _aToronto :
_bD Van nostrand co ,
_c1966.
300 _a250 ; .
365 _a60.00
504 _a
700 1 _aBrasted, Robert C .
700 1 _aMynard, Lewis J .
942 _cBK
999 _c9362
_d9362